Lenguaje y Comunicación 7º básico: Guía didáctica para el profesor
Guardat en:
| Autors principals: | , |
|---|---|
| Format: | Llibre |
| Idioma: | espanyol |
| Publicat: |
Santiago
Mare Nostrum
2009
|
| Edició: | 1a. ed |
| Matèries: | |
| Etiquetes: |
Afegir etiqueta
Sense etiquetes, Sigues el primer a etiquetar aquest registre!
|
MARC
| LEADER | 00000nam a2200000 a 4500 | ||
|---|---|---|---|
| 001 | UCG0034 | ||
| 003 | CL-VaPUC | ||
| 008 | 100312e20090000CL |||||||||||||||||spa|d | ||
| 020 | |a 9789562942416 | ||
| 082 | 0 | 4 | |a 372.6 |b GUA |2 21 |
| 100 | |a Guajardo Cofré, Marcela |e author |9 547847 | ||
| 700 | |a Guajardo Cofré, Verónica |e author |9 547848 | ||
| 245 | 1 | 0 | |a Lenguaje y Comunicación 7º básico: Guía didáctica para el profesor |
| 250 | |a 1a. ed | ||
| 300 | |a 272 p | ||
| 942 | |c BK | ||
| 945 | |d 20100312 00:00:00 |a rbrito | ||
| 260 | |a Santiago |b Mare Nostrum |c 2009 | ||
| 650 | 0 | |a Educación lingüística |9 306506 | |
| 650 | 0 | |a Educación básica |9 224933 | |
| 650 | 0 | |a Libros de texto |9 270019 | |
| 650 | 0 | |a Métodos de enseñanza |9 270413 | |
| 583 | |a last modification |c 20170816 01:25:32 |k Rodrigo Vera | ||
| 999 | |c 339785 |d 339783 | ||
| 952 | |0 0 |1 0 |4 0 |6 372_600000000000000_GUA_2009 |7 0 |8 A |9 433710 |a BIBEDU |b BIBEDU |d 2019-11-22 |i 4733487 |o 372.6 GUA 2009 |p 4733487 |r 2019-11-22 |w 2019-11-22 |y BK |k EBA | ||
| 952 | |0 0 |1 0 |4 0 |6 372_600000000000000_GUA_2009 |7 0 |8 A |9 433711 |a BIBEDU |b BIBEDU |d 2019-11-22 |i 4733509 |o 372.6 GUA 2009 |p 4733509 |r 2019-11-22 |w 2019-11-22 |y BK |k EBA | ||
| 952 | |0 0 |1 0 |4 0 |6 372_600000000000000_GUA_2009 |7 0 |8 A |9 433712 |a BIBEDU |b BIBEDU |d 2019-11-22 |i 4733525 |o 372.6 GUA 2009 |p 4733525 |r 2019-11-22 |w 2019-11-22 |y BK |k EBA | ||